Picasso-Apollinaire: correspondencia

Збережено в:
Бібліографічні деталі
Автори: Caizergues, Pierre (Автор), Seckel, Helene (Автор)
Формат: Книга
Мова:Іспанська
Опубліковано: Madrid Visor 2000
Редагування:1a. ed
Серія:La Balsa de Medusa, 107
Предмети:
Теги: Додати тег
Немає тегів, Будьте першим, хто поставить тег для цього запису!

MARC

LEADER 00000cam a2200000 a 4500
001 UCE2193
003 CL-VaPUC
008 140612e20000000sp |||||||||||||||||spa|d
020 |a 8477746079 
082 0 4 |a 846  |b CAI  |2 21 
100 0 |a Caizergues, Pierre  |e author  |9 574680 
700 0 |a Seckel, Helene  |e author  |9 574681 
245 1 0 |a Picasso-Apollinaire: correspondencia 
250 |a 1a. ed 
300 |a 235 p 
942 |c BK 
945 |d 20140612 14:08:00  |a dcastane 
260 |a Madrid  |b Visor  |c 2000 
600 0 7 |a PICASSO, PABLO RUIZ  |2 CL-VaPUC  |9 550662 
600 0 7 |a APOLLINAIRE, GUILLAUME DE  |2 CL-VaPUC  |9 266798 
650 0 |a Artistas franceses  |9 559308 
650 0 |a Correspondencia  |9 258963 
650 0 |a Cartas  |9 321777 
583 |a last modification  |c 20140612 14:08:00  |k Rodrigo Vera 
490 0 |a La Balsa de Medusa, 107 
999 |c 355855  |d 355853 
952 |0 0  |1 0  |3 erd  |4 0  |6 846_000000000000000_CAI_2000  |7 0  |8 A  |9 462790  |a BIBART  |b BIBART  |i 5082471  |l 3  |o 846 CAI 2000  |p 5082471  |r 2025-03-13  |s 2022-04-18  |w 2019-11-23  |y BK  |z Catalogado en:20140612  |k ART